• 首页
  • 本馆介绍
  • 公告通知
  • 最新文献
  • 馆藏检索
  • 电子资源
  • 读者导购
  • 参考咨询
  • 我的图书馆
  • 登录
  • 详细信息显示
  • 放入我的书架
  • 预约/预借图书
  • 作者相关作品
  • 分类相关作品
  • 丛书相关作品
  • 出版社相关作品

书目信息

  • 表格格式
  • 工作单格式
  • 卡片格式
题名:
东南亚语言区域视野中的汉、壮语接触研究
    
 
作者: 李心释 著
分册:  
出版信息: 北京   中国社会科学出版社  2012
页数: 279页
开本: 25cm
丛书名: 广西大学中国-东盟研究院文库
单 册:
中图分类: H218 , H1
科图分类:
主题词: 壮语 , 汉语 , 语言融合 , 汉语--语言融合--壮语--研究--东南亚
电子资源:
ISBN: 978-7-5161-1140-6
000 01271oam2 2200313 45
001 1360103749
005 20130530093234.48
010    @a978-7-5161-1140-6@dCNY56.00
100    @a20130513d2012 em y0chiy50 ea
101 0  @achi@azhu
102    @aCN@b110000
105    @ab z 000yy
106    @ar
200 1  @a东南亚语言区域视野中的汉、壮语接触研究@ADong Nan Ya Yu Yan Qu Yu Shi Ye Zhong De Han、 Zhuang Yu Jie Chu Yan Jiu@f李心释著@FLi Xin Shi Zhu
210    @a北京@c中国社会科学出版社@d2012
215    @a279页@c地图@d25cm
225 2  @a广西大学中国-东盟研究院文库@f阳国亮主编
300    @a国家社会科学基金项目“汉、壮语接触与广西平话变异研究”(批准号:06CYY003,结项证书号:20100843) 广西大学“211工程”三期重点学科建设项目资助
330    @a本书对东南亚语言区域中的汉、壮语接触作了研究。内容包括:语言接触与汉语方言的研究模式;汉、壮民族接触与平话变异机制;接触视野中的平话语音变异;接触诱发的平话语法变异;平话中的壮借成分等。
461  0 @12001 @a广西大学中国-东盟研究院文库
606 0  @a壮语
606 0  @a汉语
606 0  @a语言融合
606 0  @a汉语@x语言融合@x壮语@x研究@y东南亚
690    @aH218@v5
690    @aH1@v5
701  0 @a李心释@ALi Xin Shi@f(197?~)@4著
801    @aCN@bTANGWEI@c20130523
905    @b0834335-37@dH218@e17@f3
    
    东南亚语言区域视野中的汉、壮语接触研究/李心释著.-北京:中国社会科学出版社,2012
    279页:地图;25cm.-(广西大学中国-东盟研究院文库/阳国亮主编)
    国家社会科学基金项目“汉、壮语接触与广西平话变异研究”(批准号:06CYY003,结项证书号:20100843) 广西大学“211工程”三期重点学科建设项目资助
    
    ISBN 978-7-5161-1140-6:CNY56.00
    本书对东南亚语言区域中的汉、壮语接触作了研究。内容包括:语言接触与汉语方言的研究模式;汉、壮民族接触与平话变异机制;接触视野中的平话语音变异;接触诱发的平话语法变异;平话中的壮借成分等。
●
相关链接 在E读中查询图书 在五车中查询图书 在当当中查询图书 在豆瓣中查询图书


正题名:东南亚语言区域视野中的汉、壮语接触研究     索取号:H218/17         预约/预借

序号 登录号 条形码 馆藏地/架位号 状态 备注
1 0834335   208343354   第二样本阅览室/ [索取号:H218/17] 在馆    
2 0834336   208343363   密集书库-文学院/ [索取号:H218/17] 在馆    
3 0834337   208343372   第四借阅区/ [索取号:H218/17] 在馆    
唐山师范学院图书馆 欢迎您!
大连网信软件有限公司© 版权所有